ORGANIZACION Y PRACTICA MERCANTIL /

TRADUCCION DE: BUSINESS ORGANIZATION AND PRACTICE

Guardat en:
Dades bibliogràfiques
Autor principal: Robinson, Edwin M. (autor)
Format: Llibre
Matèries:
Etiquetes: Afegir etiqueta
Sense etiquetes, Sigues el primer a etiquetar aquest registre!

MARC

LEADER 00000nam^a2200000^a^4500
001 000232132
005 20250521000000.0
009 20260310104549.821
035 |a 054799 
037 |a Acervo Xavier Clavigero 
082 |a 658.  |b ROB 
100 |a Robinson, Edwin M.  |e (autor) 
245 1 0 |a ORGANIZACION Y PRACTICA MERCANTIL /  |c EDWIN M. ROBINSON ; TR. ANSELMO ORTIZ 
264 |a MEXICO :  |b FCE,  |c 1947 
300 |a 483p. 
336 |a texto  |b txt  |2 rdacontenido 
337 |a sin mediación  |b n  |2 rdamedio 
338 |a volumen  |b nc  |2 rdasoporte 
520 |a TRADUCCION DE: BUSINESS ORGANIZATION AND PRACTICE 
520 |a INDICE 
649 |a XX 
650 |a Empresas 
650 |a ORGANIZACION. 
910 |a Fondo General 
920 |a Impresos - Libros 
930 |a Colección General 
905 |a 101 
901 |a 054799  |b IT1  |c ACC  |i 054799  |u 20250521 
902 |a https://opac.biblio.iteso.mx/vufind/Record/000232132